[Event "Dhaka Bangabandhu op-B"]
[Site "Dhaka"]
[Date "2021.03.09"]
[Round "1"]
[White "Karim, M Shahin"]
[Black "Mohammad Omar, Faruk"]
[Result "1-0"]
[WhiteElo "1942"]
[BlackElo "1599"]
[PlyCount "90"]
[EventDate "2021.03.09"]
[EventType "swiss"]
[EventRounds "9"]
[EventCountry "BAN"]
[SourceTitle "CBM 201 Extra"]
[Source "ChessBase"]
[SourceDate "2021.05.31"]
[SourceVersion "1"]
[SourceVersionDate "2021.05.31"]
[SourceQuality "1"]

1. e4 d5 2. exd5 Qxd5 3. Nc3 Qa5 4. d4 c6 5. Nf3 Bg4 6. Bc4 e6 7. 0-0 Nf6 8. Re1 Be7 9. Bd2 Qd8 10. Be3 Nbd7 11. h3 Bh5 12. Be2 Bb4 13. Nd2 Bg6 14. Ncb1 Bd6 15. Nc4 Bc7 16. Nbd2 b5 17. Na3 Nb6 18. c3 Qd6 19. Nf1 Nbd5 20. Bf3 b4 21. Nc4 Qd7 22. Bg5 bxc3 23. bxc3 Nxc3 24. Qb3 Ncd5 25. Ne5 Bxe5 26. dxe5 Nh5 27. g4 Nhf4 28. Kh2 0-0 29. Kg3 Nd3 30. Red1 Nxe5 31. Bg2 Qc7 32. f4 f6 33. Bh4 Nd3 34. Kh2 N3xf4 35. Bg3 Bf7 36. Rac1 e5 37. Be4 Rab8 38. Qc2 h6 39. Rd2 Qb6 40. Bf2 Qa6 41. Ng3 Nb4 42. Qd1 Nxa2 43. Rxc6 Qa3 44. Bc5 Qa5 45. Bxf8 Kxf8 1-0

[Event "Dhaka Walton op 07"]
[Site "Dhaka"]
[Date "2018.07.06"]
[Round "3"]
[White "Mukitul, Islam Ripon"]
[Black "Mohammad Omar, Faruk"]
[Result "1-0"]
[WhiteElo "1873"]
[BlackElo "1637"]
[PlyCount "43"]
[EventDate "2018.07.04"]
[EventType "swiss"]
[EventRounds "9"]
[EventCountry "BAN"]
[SourceTitle "EXT 2019"]
[Source "ChessBase"]
[SourceDate "2018.10.10"]
[SourceVersion "1"]
[SourceVersionDate "2018.10.10"]
[SourceQuality "1"]

1. e4 d5 2. exd5 Qxd5 3. Nc3 Qd8 4. d4 Nf6 5. Nf3 e6 6. Bc4 c6 7. 0-0 Be7 8. Bg5 Nbd7 9. Qe2 0-0 10. Rfe1 Nd5 11. Bxe7 Nxe7 12. Bxe6 Ng6 13. Bb3 Nf6 14. Qd2 Bg4 15. Ne5 Qc7 16. Nxg6 hxg6 17. Ne4 Bf5 18. Nxf6+ gxf6 19. Qh6 Qd6 20. c3 g5 21. Re5 Bh7 22. Rxg5+ 1-0

[Event "Dhaka IRT U2000"]
[Site "Dhaka"]
[Date "2018.02.17"]
[Round "4"]
[White "Mukitul, Islam Ripon"]
[Black "Mohammad Omar, Faruk"]
[Result "1-0"]
[WhiteElo "1874"]
[BlackElo "1671"]
[PlyCount "77"]
[EventDate "2018.02.14"]
[EventType "swiss"]
[EventRounds "9"]
[EventCountry "BAN"]
[SourceTitle "EXT 2024"]
[Source "ChessBase"]
[SourceDate "2023.10.10"]
[SourceVersion "1"]
[SourceVersionDate "2023.10.10"]
[SourceQuality "1"]

1. d4 Nf6 2. c4 e6 3. Nc3 d5 4. e3 a6 5. Nf3 Nbd7 6. Bd3 c6 7. 0-0 Bd6 8. Qc2 0-0 9. e4 dxe4 10. Nxe4 Nxe4 11. Bxe4 Nf6 12. Bg5 h6 13. Bxf6 Qxf6 14. Rad1 c5 15. a3 Rb8 16. b4 cxd4 17. Nxd4 e5 18. Nf5 Bxf5 19. Bxf5 Rbd8 20. c5 Bb8 21. Be4 Qe7 22. Qc4 Kh8 23. Qc2 f6 24. g3 Qf7 25. Bf5 Bc7 26. a4 Rd4 27. Rxd4 exd4 28. Rd1 Rd8 29. b5 axb5 30. axb5 Qd5 31. Be4 Qd7 32. b6 Be5 33. f4 Bb8 34. Qd3 g5 35. fxg5 hxg5 36. Qf3 Qf7 37. Bxb7 Be5 38. Be4 Rg8 39. Rf1 1-0